000 01856nam a2200529 i 4500
001 16779
003 KOSZ 005
005 20191026105159.0
008 080220s1963 pl a f f |000 0 pol
015 _aPB 1963/2612
035 _a991039945129705066
035 _a(PL-WaBN)b20679488-48omnis_nlop
035 _ab20679488
035 _a(OCoLC)831285194
035 _a(PL)b0000002067948
035 _a(EXLNZ-48OMNIS_NETWORK)9910149649105606
040 _aWA N
_cWA N
_dKOSZ 005/EG
041 _apol
046 _k1960
080 _a664
080 _a577
080 _a(075)
100 1 _aRzędowski, Wiesław
_d(1926-1997)
_eAutor
245 1 0 _aPodstawy biochemii przemysłu spożywczego /
_cWiesław Rzędowski.
250 _aWyd. 3.
260 _aWarszawa :
_bWydawnictwo Przemysłu Lekkiego i Spożywczego,
_c1963.
300 _a283, [1] s. :
_bil. ;
_c23 cm.
336 _2rdacontent
_aTekst
_btxt
337 _2rdamedia
_aBez urządzenia pośredniczącego
_bn
338 _2rdacarrier
_aWolumin
_bnc
380 _aKsiążki
380 _aPublikacje dydaktyczne
385 _mPoziom nauczania
_aSzkoły zawodowe
388 _a1901-2000
388 _a1945-1989
504 _aBibliogr.
521 8 _aZatwierdz. przez Ministerstwo Oświaty jako podręcznik zastępczy dla kl. 3 technikum przemysłu spożywczego wszystkie specjalności. Również dla mistrzów i techników.
650 7 _aPrzemysł rolno-spożywczy
_2DBN
650 7 _aBiochemia
655 7 _aPodręczniki dla szkół zawodowych
_2DBN
658 _aChemia
658 _aRolnictwo i leśnictwo
710 2 _aWydawnictwo Przemysłu Lekkiego i Spożywczego
856 _uhttp://koha.tu.koszalin.pl/cgi-bin/koha/opac-detail.pl?biblionumber=16779
_yKatalog online BPK
942 _2UKD
_cKS
999 _c16779
_d16779